Administre su empresa de la estrategia a la práctica: recursos humanos (Registro nro. 2782)
[ vista simple ]
| 000 -CABECERA | |
|---|---|
| campo de control de longitud fija | 01250aam a2200409 4500 |
| 005 - FECHA Y HORA DE ACTUALIZACIÓN | |
| campo de control | 20241009110229.0 |
| 008 - LONGITUD FIJA | |
| campo de control de longitud fija | 150611b xxu||||| |||| 00| 0 spa d |
| 041 ## - IDIOMA | |
| Código de idioma del texto/pista de sonido o título separado | |
| 082 ## - CLASIFICACIÓN DECIMAL DEWEY | |
| Número de clasificación | 658.3 B191a |
| 100 ## - AUTOR PERSONAL | |
| Nombre de persona | Ballen Montoya, Saul |
| 245 ## - TÍTULO PROPIAMENTE DICHO | |
| Título | Administre su empresa de la estrategia a la práctica: recursos humanos |
| 260 ## - PIE DE IMPRENTA | |
| Lugar de publicación, distribución, etc. | Colombia |
| Nombre del editor, distribuidor, etc. | Alfaomega |
| Fecha de publicación, distribución, etc. | 2008 |
| 300 ## - DESCRIPCIÓN FÍSICA | |
| Extensión | 207 páginas |
| 505 ## - Nota de Contenido | |
| Nota de contenido | Contiene disco compacto N° 613 |
| 650 ## - Materia General | |
| Materia general | RECURSOS HUMANOS |
| 650 ## - Materia General | |
| Materia general | PLANEACIÓN ESTRATÉGICA |
| 650 ## - Materia General | |
| Materia general | ADMINISTRACIÓN DE PERSONAL |
| 650 ## - Materia General | |
| Materia general | PLANIFICACIÓN ESTRATÉGICA |
| 650 ## - Materia General | |
| Materia general | ESTRUCTURA ORGANIZACIONAL |
| 650 ## - Materia General | |
| Materia general | TALENTO HUMANO |
| 650 ## - Materia General | |
| Materia general | ADMINISTRACIÓN DE PROCESOS |
| 650 ## - Materia General | |
| Materia general | ANÁLISIS DE CARGOS |
| 650 ## - Materia General | |
| Materia general | DESCRIPCIÓN DE CARGOS |
| 650 ## - Materia General | |
| Materia general | ADMINISTRACÓON DE SALARIOS |
| 650 ## - Materia General | |
| Materia general | RECLUTAMIENTO DE PERSONAL |
| 650 ## - Materia General | |
| Materia general | SELECCIÓN DE PERSONAL |
| 650 ## - Materia General | |
| Materia general | CONTRATACIÓN |
| 650 ## - Materia General | |
| Materia general | INDUCCIÓN |
| 650 ## - Materia General | |
| Materia general | EVALUACIÓN DEL DESEMPEÑO |
| 650 ## - Materia General | |
| Materia general | CAPACITACIÓN |
| 650 ## - Materia General | |
| Materia general | ENTRENAMIENTO |
| 650 ## - Materia General | |
| Materia general | DESARROLLO PERSONAL |
| 650 ## - Materia General | |
| Materia general | CULTURA ORGANIZACIONAL |
| 650 ## - Materia General | |
| Materia general | CLIMA ORGANIZACIONAL |
| 650 ## - Materia General | |
| Materia general | INDICADORES DE GESTIÓN |
| 942 ## - Punto de Acceso Adicional Koha | |
| Tipo de ítem Koha | Libro |
| Estado perdido | Fuente de clasificación o esquema de estantería | Estado dañado | No para préstamo | Biblioteca permanente | Biblioteca actual | Enumeración serial/Volumen | Signatura completa | Código de barras | Precio efectivo a partir del | Programa Académico | Tipo de ítem | Nota pública |
|---|---|---|---|---|---|---|---|---|---|---|---|---|
| Dewey Decimal Classification | Departamento de Biblioteca y Documentación Alfonso Chase Brenes | Departamento de Biblioteca y Documentación Alfonso Chase Brenes | 1 edición | 658.3 B191a | 16159 | 03/10/2016 | Libro | Contiene Disco compacto N.613 | ||||
| Dewey Decimal Classification | Departamento de Biblioteca y Documentación Alfonso Chase Brenes | Departamento de Biblioteca y Documentación Alfonso Chase Brenes | 1 edición | 658.3 B191a | 16160 | 03/10/2016 | Libro | Contiene Disco compacto N.613 |